000 00705nam a2200265Ia 4500
003 OSt
005 20221005032026.0
006 a|||||r|||| 00| 0
007 ta
008 221004b |||||||| |||| 00| 0 tam d
020 _c1.25
024 _a65173
037 _cTextual
040 _aCRL
_cCRL
_btam
041 _2tam
_atam
082 _aO31,6M54,3, J4.3
100 _aSaminathan U.Ve. Au.
_9584708
245 0 _aNalluraik Kovai
260 _aChennai
_bThiyagarasa Vilasa Veliyeedu India
_c1952
300 _a160p.
_ccm.
490 _vPart-5
650 _aTAMIL LITERATURE
942 _hO31,6M54,3, J4.3
_cTEXL
_2cc
999 _c938973
_d938973